ბათუმის შოთა რუსთაველის სახელმწიფო უნივერსიტეტის ბიბლიოთეკა

Краткий курс высшей математики. (ბიბ.ჩანაწერი № 38959)

000 -LEADER
fixed length control field 00636nam a2200217Ia 4500
001 - CONTROL NUMBER
control field 5410
003 - CONTROL NUMBER IDENTIFIER
control field GE_BSU
008 - FIXED-LENGTH DATA ELEMENTS--GENERAL INFORMATION
fixed length control field 181216s||||||||xx |||||||||||||| ||und||
040 ## - CATALOGING SOURCE
Transcribing agency GE_BSU
080 ## - UNIVERSAL DECIMAL CLASSIFICATION NUMBER
Universal Decimal Classification number 517(075.8)
100 ## - MAIN ENTRY--PERSONAL NAME
Personal name Кудрявцев В. А., Демидович. б П.
245 ## - TITLE STATEMENT
Title Краткий курс высшей математики.
245 ## - TITLE STATEMENT
Remainder of title Учеб. пособие для ос ун-тов
250 ## - EDITION STATEMENT
Edition statement 3-ье, перер идоп
260 ## - PUBLICATION, DISTRIBUTION, ETC.
Place of publication, distribution, etc. М
260 ## - PUBLICATION, DISTRIBUTION, ETC.
Name of publisher, distributor, etc. Наука,
260 ## - PUBLICATION, DISTRIBUTION, ETC.
Date of publication, distribution, etc. 1962
300 ## - PHYSICAL DESCRIPTION
Extent 528 с.
653 ## - INDEX TERM--UNCONTROLLED
Uncontrolled term Краткий курс высшей математики.
942 ## - ADDED ENTRY ELEMENTS (KOHA)
Koha item type წიგნი
ეგზემპლარები
Withdrawn status Lost status Damaged status Not for loan Date acquired Barcode Date last seen Price effective from Koha item type
        2018-12-17 16498 2018-12-17 2018-12-17 წიგნი